Bundesliga Teams nach Gründungsjahr (24/25) - Statistiken

Allgemein
  • Dieses Quiz wurde 74 mal gespielt
  • Das Durchschnittsergebnis liegt bei 13 aus 18
Antwortstatistiken
Hint Antwort % Korrekt
19. Mai 2009 RB Leipzig
100%
19. Dezember 1909 Borussia Dortmund
88%
1. Juli 1899 TSG 1899 Hoffenheim
80%
1. Juli 1904 Bayer 04 Leverkusen
77%
27. Februar 1900 FC Bayern München
77%
9. September 1893 VfB Stuttgart
74%
26. Juli 1848 VfL Bochum
73%
15. Juni 2007 1. FC Heidenheim
71%
16. März 1905 1. FSV Mainz 05
71%
12. September 1945 VfL Wolfsburg
71%
1. August 1900 Borussia Mönchengladbach
68%
8. März 1899 Eintracht Frankfurt
68%
4. Februar 1899 SV Werder Bremen
68%
8. August 1969 FC Augsburg
65%
30. Mai 1904 SC Freiburg
65%
20. Januar 1966 1. FC Union Berlin
64%
15. Mai 1910 FC St. Pauli
64%
7. Oktober 1900 Holstein Kiel
59%
Keine übereinstimmenden Quizze gefunden
Verteilung der Resultate
Anzahl Personen mit jedem Resultat
Perzentil nach korrekt beantworteten Fragen
Ihre Resultats-Entwicklung
Sie haben dieses Quiz noch nicht gespielt